000 00652nam a2200217Ii 4500
003 JO-AjNU
008 230605s9999||||xx |||||||||||||| ||und||
017 _a2005/3/636
040 _aJO-AjNU
_bara
_erda
_cJO-AjNU
041 _aara
050 1 4 _aQ180.A1 A98 2008
100 3 _a العزاوي، عبد الرحمن حسين ,
_eauthor
_917190
245 0 0 _aأصول البحث العلمي
250 _aط1
264 3 1 _aعمان: دار الخليج، 2008
300 _a130ص
336 _atext
_btxt
_2rdacontent
337 _aunmediated
_bn
_2rdamedia
338 _avolume
_bnc
_2rdacarrier
650 4 _aالبحث- طرق البحث
_917191
999 _aA5257
_c8825
_d8825